00485cam a22002051 4500001001300000003000400013005001700017008004100034010001700075035002000092040001800112042001200130050001900142100003700161245001400198260001600212300001900228500001500247999001700262ne 63000037 DLC20260227111739.0890620s1962 xx 000 0 ara  ane 63000037  a(OCoLC)23487469 aDLCcMiUdDLC apremarc00aDT107.83b.N371 aNasser, Gamal Abdel,d1918-1970.00aKhuṭab. c[1962. 197] a127 p.c28 cm. aRomanized. c45403d45403